000 00961nam a2200301 a 4500
001 000002481
003 DO-SdBNP
005 20250206102509.0
007 ta
008 090702s2009 pr 001 0 spa d
020 _a9789945455168
040 _aDO-SdBNP
_bspa
_cBNPHU
082 4 _aRD861.44
_bM938j
_222
100 1 _aMoya, Pastor de,
_d1965-
_97820
245 1 0 _aJardines de la lengua /
_cPastor de Moya ; corrección José María Seibó.
260 _aSan Juan, Puerto Rico :
_bIsla Negra,
_c2009.
300 _a93 p. ;
_c22 cm.
490 1 _aEl canon secuestrado
500 _aIncluye índice
500 _aIncluye datos biográficos del autor en la solapa de la cubierta.
590 _aInventariado, 2018/LP
650 0 _aPoesía dominicana
_966
650 0 _aLiteratura dominicana.
_967
700 1 _aSeibó, José María
_97821
830 0 _aEl canon secuestrado
_96917
910 _aValidado. Control de calidad MMOLINA
942 _2ddc
_cLBS1
999 _c2317
_d2317